Flannery O'Connor
Kaydedildi:
| Yazar: | |
|---|---|
| Materyal Türü: | Kitap |
| Dil: | İngilizce |
| Baskı/Yayın Bilgisi: |
Boston
Twayne Publishers
1973
|
| Seri Bilgileri: | Twayne's United States Authors Series. TUSAS, 216
|
| Konular: | |
| Etiketler: |
Etiketle
Etiket eklenmemiş, İlk siz ekleyin!
|
MARC
| LEADER | 00000nam a2200000 a 4500 | ||
|---|---|---|---|
| 001 | UCQ2534 | ||
| 003 | CL-VaPUC | ||
| 008 | 980724e19730000US |||||||||||||||||eng|d | ||
| 082 | 0 | 4 | |a 813.09 |b WAL |2 21 |
| 100 | 0 | |a Walters, Dorothy |e author |9 416473 | |
| 245 | 1 | 0 | |a Flannery O'Connor |
| 300 | |a 172 p | ||
| 942 | |c BK | ||
| 945 | |d 19980724 00:00:00 |a crobeson | ||
| 260 | |a Boston |b Twayne Publishers |c 1973 | ||
| 650 | 7 | |a NOVELA ESTADOUNIDENSE |2 CL-VaPUC |9 266286 | |
| 650 | 0 | |a Literatura estadounidense |9 317168 | |
| 650 | 0 | |a Crítica e interpretación |9 255042 | |
| 650 | 0 | |a Crítica literaria |9 269189 | |
| 583 | |a last modification |c 19980724 00:00:00 |k Rodrigo Vera | ||
| 490 | 0 | |a Twayne's United States Authors Series. TUSAS, 216 | |
| 999 | |c 273352 |d 273350 | ||
| 952 | |0 0 |1 0 |4 0 |6 813_090000000000000_WAL_1973 |7 0 |8 A |9 308809 |a BIBEDU |b BIBEDU |d 2019-11-20 |i 1448641 |o 813.09 WAL 1973 |p 1448641 |r 2019-11-20 |w 2019-11-20 |y BK |k LIT | ||